000 00379nam a22001577a 4500
003 SGT
020 _a9788176567527
082 _a621.39,SIN
100 _aSINHA , PRADEEP.K
245 _aCOMPUTER FUNDAMENTALS; CONCEPTS SYSTEMS & APPLICATION
250 _a8TH
260 _aNEW DELHI
_bBPB PUBLNICATIOS
_c2021
300 _a510
650 _aCOMPUTER
942 _2ddc
_cBK
_037
999 _c21067
_d21067